000 00557nam a22001817a 4500
003 PILC
005 20160523082629.0
008 160523b xxu||||| |||| 00| 0 eng d
020 _a9789719802440
050 _aRC 119
_b.M637 2015
100 _aMilanez, Giovanni D.
245 _aLaboratory manual in medical parasitology /
_cGiovanni D Milanez.
260 _c2015.
300 _aviii, 117 pages :
_billustrations ;
_c26 cm.
500 _aIncludes bibliographical references.
650 _aMedical parasitology
_xlLaboratory manuals.
942 _2lcc
_cBK
999 _c294683
_d294683